Euro 2020 Quarter Finals - Czech Republic - Denmark - Statistics

General Stats
  • This quiz has been taken 60 times
  • The average score is 21 of 34
Answer Stats
Player % Correct
Patrik Schick ¹
98%
Kasper Schmeichel
94%
Simon Kjær
94%
Tomáš Souček
92%
Joakim Mæhle
88%
Vladimír Coufal
88%
Andreas Christensen
86%
Kasper Dolberg ¹
86%
Mikkel Damsgaard
84%
Thomas Delaney ¹
80%
Yussuf Poulsen
80%
Martin Braithwaite
78%
Pierre Højbjerg
73%
Tomáš Vaclík
73%
Jannik Vestergaard
71%
Daniel Wass
61%
Jens Stryger
59%
Lukáš Masopust
57%
Mathias Jensen
57%
Christian Nørgaard
53%
Kasper Hjulmand
53%
Tomáš Holeš
53%
Jakub Jankto
49%
Ondřej Čelůstka
49%
Tomáš Kalas
47%
Joachim Andersen
45%
Jan Bořil
43%
Jaroslav Šilhavý
43%
Antonín Barák
41%
Michael Krmenčík
41%
Petr Ševčík
39%
Vladimír Darida
39%
Matěj Vydra
29%
Jakub Brabec
12%
No matching quizzes found
Score Distribution
Percent of People with Each Score
Percentile by Number Answered
Your Score History
You have not taken this quiz